Detalles MARC
| 000 -LÍDER |
| Campo fijo de descripción fija |
01415cam a2200289 i 4500 |
| 001 - NÚMERO DE CONTROL |
| Campo de control |
768714001 |
| 003 - IDENTIFICADOR DEL NÚMERO DE CONTROL |
| Campo de control |
CO-MdBIC |
| 005 - FECHA Y HORA DE LA ULTIMA TRANSACCIÓN |
| control field |
20231130150652.0 |
| 008 - ELEMENTOS DE LONGITUD FIJA -- INFORMACIÓN GENERAL |
| Campo fijo de descripción fija -- Información general |
231130t2003 -us||||| |||| 00| 0 spa d |
| 020 ## - NÚMERO INTERNACIONAL NORMALIZADO PARA LIBROS |
| Número Internacional Normalizado del libro |
0-8254-1531-4 |
| 040 ## - FUENTE DE CATALOGACIÓN |
| Idioma de catalogación |
spa. |
| Agencia de catalogación original |
CO-MdFUSB |
| Agencia que realiza la transcripción |
CO-MdFUSB |
| Agencia que realiza la modificación |
CO-MdFUSBC |
| Convenciones de la descripción |
rda |
| 041 ## - CÓDIGO DE IDIOMA |
| Código de idioma para texto/pista de sonido o título separado |
eng |
| 082 04 - NÚMERO DE CLASIFICACIÓN DECIMAL DEWEY |
| Número de clasificación |
G 231.7 M1161b |
| 100 1# - ASIENTO PRINCIPAL--NOMBRE PERSONAL |
| Nombre personal |
MacArthur Jr., John F. (1939-) |
| 245 10 - TÍTULO |
| Título del Material |
La batalla por el comienzo : La creación, la evolución y la Biblia / John MacArthur ; John Alfredo Bernal, Traductor |
| Mención de responsabilidad, etc. |
/ |
| 264 #1 - PRODUCCIÓN, PUBLICACIÓN, DISTRIBUCIÓN, MANUFACTURA, Y COPYRIGHT |
| Lugar de producción, publicación, distribución, manufactura |
Grand Rapids. Michigan, USA : Portavoz |
| Nombre del productor, publicador, distribuidor |
Portavoz, |
| Fecha de producción, publicación, distribución, manufactura, o copyright |
[2003] |
| 264 #4 - PRODUCCIÓN, PUBLICACIÓN, DISTRIBUCIÓN, MANUFACTURA, Y COPYRIGHT |
| Fecha de producción, publicación, distribución, manufactura, o copyright |
©2003 |
| 300 ## - DESCRIPCIÓN FÍSICA |
| Extensión |
284 Pag |
| Dimensiones |
; |
| 336 ## - TIPO DE CONTENIDO |
| Término de tipo de contenido |
texto |
| Código de tipo de contenido |
txt |
| Fuente |
rdacontent |
| 337 ## - TIPO DE MEDIO |
| Fuente |
rdamedia |
| Nombre del tipo de medio |
sin mediación |
| Código del tipo de medio |
n |
| 338 ## - TIPO DE SOPORTE |
| Fuente |
rdacarrier |
| Nombre del tipo de soporte |
volumen |
| Código Tipo de soporte |
nc |
| 500 ## - NOTA GENERAL |
| Nota General |
Título original : The battle for the beginning |
| 505 00 - NOTA DE CONTENIDO |
| Nota de contenido con formato preestablecido |
- Creación: créalo o no: Génesis 1:1 - ¿Cómo sucedió la creación? - Luz en el día primero: Génesis 1:2-5 - El demarcó los fundamentos de la tierra: Génesis 1:6-13 - Lumbreras en los cielos: Génesis 1:14-19 - Abundancia de criaturas vivientes Génesis 1:20-23 - Bestias y animales que se arrastran Génesis 1:24-25 - El hombre a imagen de Dios Génesis 1:26-31 - El reposo de la creación Génesis 2:1-3 - El paraiso perdido Génesis 3:1-24 - Epílogo: Bendiciones a pesar de la maldición |
| 650 #7 - ASIENTO SECUNDARIO DE MATERIA - TERMINO TEMÁTICO |
| 9 (RLIN) |
252 |
| Término temático o nombre geográfico como elemento de entrada |
Creacionismo |
| 942 ## - TIPO DE MATERIAL (KOHA) |
| Tipo de Item KOHA |
Libros General |
| 945 ## - INFORMACIÓN LOCAL DEL REGISTRO |
| Catalogador |
JOHAN1477 |